000 00489pab a2200181 454500
008 180718b2013 xxu||||| |||| 00| 0 eng d
100 _aArce, Moises
245 _aCompetitiveness, partisanship, and subnational protest in Argentina
260 _c2013
300 _ap.895-919.
362 _aAug
650 _aProtest movement - Argentina
650 _aProtest movements
700 _aMangonnet, Jorge
773 _aComparative Political Studies
908 _aN
909 _a100894
999 _c100893
_d100893